000 00674nam a2200205Ia 4500
003 OSt
005 20251014125445.0
008 220926b |||||||| |||| 00| 0 eng d
037 _cReference
040 _aRTL
_cRTL
_beng
041 _2eng
_aeng
084 _aV52y7M91:g, L9/SC
_qRTL
100 _aSpriano, Paolo.
_9370977
245 0 _aAntonio gramsci and the party: the prison years.
260 _aLondon
_bLawrence and Wishart
_c1979
300 _a192 p.
_ccm.
_bIncludes bibliographical references and index.
700 _aFraser, John.
_eTranslator
_9848227
942 _hV52y7M91:g, L9/SC
_cREF
_2CC
_n0
999 _c691226
_d691226